The World book encyclopedia. Volume 12, L. V.19

שמור ב:
מידע ביבליוגרפי
פורמט: ספר
יצא לאור: World Book, Inc 2001
תגים: הוספת תג
אין תגיות, היה/י הראשונ/ה לתייג את הרשומה!
Thư viện lưu trữ: Mạng thư viện Đại học Đà Nẵng
LEADER 00512nam a2200217 a 4500
001 000030440
003 26688
005 20171030145630.0
008 171030s2001
040 |a LTT 
082 0 |a 032  |b Wo-B 
245 0 0 |a The World book encyclopedia. Volume 12, L.  |n V.19 
260 |b World Book, Inc  |c 2001 
500 |a SABRE 
OWN |a LTT 
999 |a From the UDN01 
TYP |a Monograph 
TYP |a Printed language 
980 |a Mạng thư viện Đại học Đà Nẵng